Footballers by Picture - Statistics

General Stats
  • This quiz has been taken 188 times
  • The average score is 22 of 36
Answer Stats
Picture Answer % Correct
Harry Kane
98%
Erling Haaland
97%
Lionel Messi
90%
Cristiano Ronaldo
89%
Kylian Mbappé
88%
Kevin De Bruyne
87%
Zlatan Ibrahimovic
78%
Eden Hazard
76%
Frenkie De Jong
76%
Neymar Jr
74%
Lautaro Martinez
71%
Andrés Iniesta
70%
João Félix
70%
Thiago Silva
70%
Robert Lewandowski
68%
Gareth Bale
67%
Mohamed Salah
66%
Antoine Griezmann
65%
Giorgio Chiellini
65%
Karim Benzema
63%
Phil Foden
63%
Toni Kroos
63%
Olivier Giroud
59%
Didier Drogba
56%
Leon Goretzka
54%
Benjamin Pavard
53%
Jordi Alba
53%
Khvicha Kvaratskhelia
53%
Marc-André ter Stegen
53%
Jesús Navas
37%
Yaya Touré
33%
Arturo Vidal
29%
Toby Alderweireld
9%
Frederico Valverde
7%
Henrikh Mkhitaryan
5%
Vinicious Junior
5%
No matching quizzes found
Score Distribution
Percent of People with Each Score
Percentile by Number Answered
Your Score History
You have not taken this quiz